[Event "COL-ch U16 Girls"]
[Site "Medellin"]
[Date "2025.04.27"]
[Round "6"]
[White "Rendon Martinez, Isabela"]
[Black "Gomez Araque, Laura Sofia"]
[Result "1-0"]
[WhiteElo "1443"]
[BlackElo "1498"]
[PlyCount "65"]
[EventDate "2025.04.24"]
[EventType "swiss"]
[EventRounds "7"]
[EventCountry "COL"]
[SourceTitle "CB18_2025"]
[SourceDate "2025.04.30"]
[SourceVersion "1"]
[SourceVersionDate "2025.04.30"]
[SourceQuality "1"]

1. d4 Nf6 2. Nc3 d5 3. Bf4 c5 4. e3 a6 5. Nf3 cxd4 6. Nxd4 Bd7 7. Bd3 Nc6 8. Nxc6 Bxc6 9. 0-0 e6 10. f3 Be7 11. e4 Qb6+ 12. Kh1 dxe4 13. fxe4 Qxb2 14. Be5 Qb6 15. Rb1 Qa5 16. Bd4 b5 17. e5 Nd5 18. Ne4 Rd8 19. Qh5 g6 20. Qf3 Rf8 21. Nf6+ Bxf6 22. exf6 Nb4 23. Qf2 Nxd3 24. cxd3 Qa4 25. Bc5 Rh8 26. Rb4 Qa3 27. Be7 Qa5 28. Bxd8 Qxb4 29. Qa7 Kxd8 30. Rc1 Re8 31. Qb6+ Kc8 32. Rxc6+ Kd7 33. Qc7# 1-0

[Event "COL-ch U16 Girls"]
[Site "Medellin"]
[Date "2025.04.26"]
[Round "4"]
[White "Rendon Martinez, Isabela"]
[Black "Luna Monsalve, Sofia"]
[Result "1-0"]
[WhiteElo "1443"]
[BlackElo "1813"]
[PlyCount "113"]
[EventDate "2025.04.24"]
[EventType "swiss"]
[EventRounds "7"]
[EventCountry "COL"]
[SourceTitle "CB18_2025"]
[SourceDate "2025.04.30"]
[SourceVersion "1"]
[SourceVersionDate "2025.04.30"]
[SourceQuality "1"]

1. e4 e5 2. Nf3 Nc6 3. Bc4 Bc5 4. c3 Nf6 5. d4 exd4 6. e5 d5 7. Be2 Ne4 8. cxd4 Bb6 9. Nc3 0-0 10. 0-0 Bg4 11. Be3 f5 12. exf6 Nxf6 13. h3 Bh5 14. Ng5 Bxe2 15. Nxe2 Qd7 16. Nf4 Rae8 17. Qd3 Ne4 18. Nf3 Kh8 19. Qb3 Nxd4 20. Bxd4 Bxd4 21. Nxd5 Nc5 22. Qc4 Bxb2 23. Rad1 Qc6 24. Ng5 Bf6 25. Nxf6 gxf6 26. Rd5 fxg5 27. Rxc5 Qe6 28. Qc3+ Qf6 29. Qxf6+ Rxf6 30. Rxc7 Re2 31. Rd1 Rexf2 32. Rd8+ Rf8 33. Rdd7 Rf1+ 34. Kh2 Re8 35. Rxh7+ Kg8 36. Rxb7 a5 37. Rhg7+ Kf8 38. Rxg5 a4 39. Rg4 Ra8 40. Rbb4 Ra1 41. Rxa4 Rxa2 42. Rxa8+ Rxa8 43. Kg3 Kf7 44. h4 Rh8 45. Rg5 Kf6 46. Kg4 Rb8 47. Rf5+ Kg6 48. h5+ Kg7 49. Kg5 Rb3 50. h6+ Kg8 51. g4 Rg3 52. Rf4 Rh3 53. Kg6 Rh4 54. Rb4 Kf8 55. Rb8+ Ke7 56. g5 Rh2 57. h7 1-0

[Event "COL-ch U16 Girls"]
[Site "Medellin"]
[Date "2025.04.25"]
[Round "3"]
[White "Rendon Martinez, Isabela"]
[Black "Cachihuango Giraldo, Julieta"]
[Result "1-0"]
[WhiteElo "1443"]
[BlackElo "1575"]
[PlyCount "43"]
[EventDate "2025.04.24"]
[EventType "swiss"]
[EventRounds "7"]
[EventCountry "COL"]
[SourceTitle "CB18_2025"]
[SourceDate "2025.04.30"]
[SourceVersion "1"]
[SourceVersionDate "2025.04.30"]
[SourceQuality "1"]

1. d4 d5 2. Nf3 Nf6 3. e3 e6 4. Bd3 Nbd7 5. Nbd2 b6 6. b3 Bb7 7. Bb2 Be7 8. 0-0 0-0 9. Ne5 c5 10. f4 Ne8 11. Rf3 f6 12. Rh3 f5 13. Ndf3 Nef6 14. Ng5 Qc8 15. Rg3 Ne4 16. Bxe4 fxe4 17. Nxe6 Rf6 18. Rxg7+ Kh8 19. Rxh7+ Kxh7 20. Qh5+ Kg8 21. Qg5+ Kh7 22. Qg7# 1-0

[Event "COL-ch 20 Girls"]
[Site "Bogota"]
[Date "2025.02.02"]
[Round "9"]
[White "Luna Velandia, Karol Daniela"]
[Black "Rendon Martinez, Isabela"]
[Result "1/2-1/2"]
[WhiteElo "1721"]
[BlackElo "1569"]
[PlyCount "45"]
[EventDate "2025.01.29"]
[EventType "swiss"]
[EventRounds "9"]
[EventCountry "COL"]
[SourceTitle "CB06_2025"]
[SourceDate "2025.02.05"]
[SourceVersion "1"]
[SourceVersionDate "2025.02.05"]
[SourceQuality "1"]

1. e4 e5 2. Nf3 Nc6 3. Bc4 Bc5 4. c3 Nf6 5. d3 d6 6. Nbd2 a6 7. Bb3 Ba7 8. 0-0 0-0 9. h3 Be6 10. Bc2 Ne7 11. Re1 Ng6 12. Nf1 Re8 13. d4 exd4 14. cxd4 c5 15. Ng3 b5 16. Be3 c4 17. Ng5 Bd7 18. Qd2 Bb6 19. Qd1 Rc8 20. Rc1 a5 21. Bb1 b4 22. Re2 Bb5 23. Re1 1/2-1/2

[Event "COL-ch 20 Girls"]
[Site "Bogota"]
[Date "2025.02.01"]
[Round "6"]
[White "Molina Turriago, Marina"]
[Black "Rendon Martinez, Isabela"]
[Result "0-1"]
[WhiteElo "1434"]
[BlackElo "1569"]
[PlyCount "68"]
[EventDate "2025.01.29"]
[EventType "swiss"]
[EventRounds "9"]
[EventCountry "COL"]
[SourceTitle "CB06_2025"]
[SourceDate "2025.02.05"]
[SourceVersion "1"]
[SourceVersionDate "2025.02.05"]
[SourceQuality "1"]

1. e4 d5 2. exd5 Qxd5 3. Nc3 Qa5 4. Bc4 Nf6 5. d3 c6 6. Bd2 Qc7 7. Qe2 Bg4 8. f3 Bh5 9. g4 Bg6 10. 0-0-0 e6 11. h4 h5 12. g5 Nd5 13. Bxd5 cxd5 14. Nxd5 Qd7 15. Nc3 Be7 16. Nh3 Nc6 17. Nf4 Bf5 18. g6 f6 19. Rde1 Nd4 20. Qe3 Bc5 21. Kb1 Qc6 22. Ne4 Bb6 23. Rc1 Nb3 24. cxb3 Bxe3 25. Rxc6 Bxd2 26. Rc4 Bxf4 27. Nxf6+ gxf6 28. Rxf4 Bxd3+ 29. Kc1 0-0 30. Rd4 Rac8+ 31. Kd2 Bxg6 32. Rg1 Kh7 33. Rd7+ Rf7 34. Rd6 e5 0-1

[Event "Pereira Cosecha op"]
[Site "Pereira"]
[Date "2024.09.01"]
[Round "8"]
[White "Rendon Martinez, Isabela"]
[Black "Carrillo Riano, Karen Sofia"]
[Result "1-0"]
[WhiteElo "1526"]
[BlackElo "1605"]
[PlyCount "57"]
[EventDate "2024.08.28"]
[EventType "swiss"]
[EventRounds "9"]
[EventCountry "COL"]
[SourceTitle "EXT 2025"]
[Source "ChessBase"]
[SourceDate "2024.10.14"]
[SourceVersion "1"]
[SourceVersionDate "2024.10.14"]
[SourceQuality "1"]

1. e4 e5 2. Nf3 Nc6 3. Bc4 Nf6 4. Nc3 Bc5 5. d3 d6 6. Be3 Bb6 7. Qd2 Ba5 8. 0-0-0 Bg4 9. h3 Bxf3 10. gxf3 Nd4 11. f4 c6 12. fxe5 dxe5 13. f4 Nd7 14. Kb1 Qb6 15. fxe5 Nxe5 16. Qh2 f6 17. Na4 Qb4 18. Bxd4 Nxc4 19. dxc4 Qxa4 20. Qd6 Qxc4 21. Bc5 Qf7 22. Qg3 Bc7 23. Qg2 Be5 24. Rhg1 Rg8 25. Rgf1 Qc7 26. Qg4 Qc8 27. Qh5+ g6 28. Qxh7 Qe6 29. Rd7 1-0

[Event "COL-ch sf (Women)"]
[Site "Pereira"]
[Date "2024.03.29"]
[Round "4"]
[White "Cardona Martinez, Lina Sofia"]
[Black "Rendon Martinez, Isabela"]
[Result "1-0"]
[WhiteElo "1923"]
[BlackElo "1638"]
[PlyCount "67"]
[EventDate "2024.03.27"]
[EventType "swiss"]
[EventRounds "9"]
[EventCountry "COL"]
[SourceTitle "CBM 219 Extra"]
[Source "ChessBase"]
[SourceDate "2024.05.31"]
[SourceVersion "1"]
[SourceVersionDate "2024.05.31"]
[SourceQuality "1"]

1. e4 e5 2. Nf3 Nc6 3. Bc4 Bc5 4. c3 Nf6 5. d3 d6 6. a4 a5 7. 0-0 Ba7 8. h3 0-0 9. Re1 Be6 10. Nbd2 Ne7 11. Qb3 Qd7 12. Ng5 d5 13. exd5 Nfxd5 14. Rxe5 f6 15. Nxe6 fxe5 16. Nxf8 Rxf8 17. Ne4 Kh8 18. Bxd5 Nxd5 19. Bd2 Nf4 20. Bxf4 exf4 21. d4 f3 22. Qxb7 Bb6 23. Re1 fxg2 24. Kxg2 Qf5 25. Re3 Qd7 26. Rf3 Re8 27. Ng5 Qxa4 28. Qd5 c6 29. Qf7 Rg8 30. Qe6 Rd8 31. Nf7+ Kg8 32. Nh6+ Kh8 33. Qg8+ Rxg8 34. Nf7# 1-0

[Event "COL-ch sf (Women)"]
[Site "Pereira"]
[Date "2024.03.28"]
[Round "3"]
[White "Rendon Martinez, Isabela"]
[Black "Perez Pineda, Lizeth Yesenia"]
[Result "1-0"]
[WhiteElo "1638"]
[BlackElo "1724"]
[PlyCount "41"]
[EventDate "2024.03.27"]
[EventType "swiss"]
[EventRounds "9"]
[EventCountry "COL"]
[SourceTitle "CBM 219 Extra"]
[Source "ChessBase"]
[SourceDate "2024.05.31"]
[SourceVersion "1"]
[SourceVersionDate "2024.05.31"]
[SourceQuality "1"]

1. e4 c5 2. Nf3 Nc6 3. d4 cxd4 4. Nxd4 g6 5. c4 Bg7 6. Be3 Nf6 7. Nc3 0-0 8. Be2 d6 9. f3 Bd7 10. Qd2 Nxd4 11. Bxd4 a5 12. h4 a4 13. h5 Nxh5 14. Bxg7 Kxg7 15. g4 h6 16. gxh5 g5 17. f4 f6 18. 0-0-0 Bc6 19. Rhg1 Rc8 20. fxg5 fxg5 21. Rxg5+ 1-0

[Event "COL-ch sf (Women)"]
[Site "Pereira"]
[Date "2024.03.27"]
[Round "1"]
[White "Rendon Martinez, Isabela"]
[Black "Pinillo Canon, Silvana"]
[Result "0-1"]
[WhiteElo "1638"]
[BlackElo "1927"]
[PlyCount "76"]
[EventDate "2024.03.27"]
[EventType "swiss"]
[EventRounds "9"]
[EventCountry "COL"]
[SourceTitle "CBM 219 Extra"]
[Source "ChessBase"]
[SourceDate "2024.05.31"]
[SourceVersion "1"]
[SourceVersionDate "2024.05.31"]
[SourceQuality "1"]

1. e4 e5 2. Nf3 Nc6 3. Bc4 Nf6 4. d3 Be7 5. c3 0-0 6. Nbd2 d6 7. Bb3 Na5 8. Bc2 c5 9. 0-0 Nc6 10. Re1 Re8 11. Nf1 Bf8 12. h3 g6 13. Ng3 Bg7 14. Be3 Bd7 15. d4 cxd4 16. cxd4 Nb4 17. Bb3 a5 18. a3 Na6 19. Rc1 Rc8 20. Qd2 Bc6 21. dxe5 dxe5 22. Qxd8 Rcxd8 23. Bb6 Rd7 24. Bxa5 h5 25. Nh4 Bh6 26. Rc2 Kg7 27. Bc4 Nc7 28. Nf3 Bf4 29. Nf1 Nxe4 30. Rce2 Nd6 31. Bd3 e4 32. Bc3+ f6 33. g3 Bh6 34. Nd4 exd3 35. Rxe8 Ndxe8 36. f4 Nd6 37. Ne6+ Nxe6 38. Rxe6 Ne4 0-1

[Event "COL-ch U20 Girls"]
[Site "Cali"]
[Date "2024.03.03"]
[Round "8"]
[White "Betancur Florez, Daniela"]
[Black "Rendon Martinez, Isabela"]
[Result "1-0"]
[WhiteElo "1107"]
[BlackElo "1397"]
[PlyCount "71"]
[EventDate "2024.02.28"]
[EventType "swiss"]
[EventRounds "9"]
[EventCountry "COL"]
[SourceTitle "CBM 219 Extra"]
[Source "ChessBase"]
[SourceDate "2024.05.31"]
[SourceVersion "1"]
[SourceVersionDate "2024.05.31"]
[SourceQuality "1"]

1. Nf3 Nf6 2. g3 g6 3. Bg2 Bg7 4. 0-0 d6 5. d3 0-0 6. c4 c6 7. Nc3 Nbd7 8. Bd2 Re8 9. d4 Nf8 10. e4 e5 11. d5 c5 12. Ng5 h6 13. Nh3 g5 14. f4 exf4 15. gxf4 Bxh3 16. Bxh3 Nxe4 17. Nxe4 Rxe4 18. Qf3 Rxc4 19. fxg5 Qe7 20. Rae1 Be5 21. gxh6 Rh4 22. Rf2 Ng6 23. Rxe5 Nxe5 24. Qg3+ Ng6 25. Bf5 Kh7 26. Bg5 Qe1+ 27. Kg2 Qe8 28. Bxh4 Qg8 29. Bxg6+ fxg6 30. Qxd6 b6 31. Bg5 Kh8 32. Qf6+ Kh7 33. Qe6 Qb8 34. Rf7+ Kh8 35. Qf6+ Kg8 36. Qg7# 1-0

[Event "COL-ch U20 Girls"]
[Site "Cali"]
[Date "2024.02.29"]
[Round "2"]
[White "Rendon Martinez, Isabela"]
[Black "Lopez Rayo, Isabella"]
[Result "0-1"]
[WhiteElo "1397"]
[BlackElo "1951"]
[PlyCount "58"]
[EventDate "2024.02.28"]
[EventType "swiss"]
[EventRounds "9"]
[EventCountry "COL"]
[SourceTitle "CBM 219 Extra"]
[Source "ChessBase"]
[SourceDate "2024.05.31"]
[SourceVersion "1"]
[SourceVersionDate "2024.05.31"]
[SourceQuality "1"]

1. d4 Nf6 2. Nf3 c5 3. e3 e6 4. Bd3 d5 5. b3 Nc6 6. a3 b6 7. Bb2 Bb7 8. Nbd2 g6 9. 0-0 Bg7 10. Ne5 Nd7 11. f4 f6 12. Qg4 Nf8 13. Nef3 Qe7 14. c4 Nd7 15. e4 dxe4 16. Nxe4 f5 17. Qh3 fxe4 18. Bxe4 0-0-0 19. d5 Nd4 20. Ng5 exd5 21. cxd5 Ne2+ 22. Kh1 Bxb2 23. Ra2 Nc3 24. d6 Qxd6 25. Bxb7+ Kxb7 26. Nf7 Qd5 27. Nxd8+ Rxd8 28. Rxb2 Ne4 29. Qxh7 Ng3+ 0-1

[Event "COL-ch U20 Girls"]
[Site "Cali"]
[Date "2024.02.29"]
[Round "3"]
[White "Varela Acosta, Valeria"]
[Black "Rendon Martinez, Isabela"]
[Result "0-1"]
[WhiteElo "1125"]
[BlackElo "1397"]
[PlyCount "76"]
[EventDate "2024.02.28"]
[EventType "swiss"]
[EventRounds "9"]
[EventCountry "COL"]
[SourceTitle "CBM 219 Extra"]
[Source "ChessBase"]
[SourceDate "2024.05.31"]
[SourceVersion "1"]
[SourceVersionDate "2024.05.31"]
[SourceQuality "1"]

1. e4 d5 2. exd5 Qxd5 3. Nc3 Qa5 4. d4 c6 5. Nf3 Bg4 6. Be2 Nf6 7. 0-0 Nbd7 8. h3 Bh5 9. Bf4 e6 10. a3 Be7 11. Qd2 0-0 12. b4 Qd8 13. Ng5 Bxe2 14. Qxe2 Nd5 15. Nxd5 cxd5 16. Nf3 Rc8 17. Rac1 Rc3 18. Qb5 Nb6 19. Qa5 Bd6 20. Bxd6 Qxd6 21. a4 Rfc8 22. b5 Nxa4 23. Qxa7 Nb6 24. Qa2 Ra3 25. Qb2 Na4 26. Qb1 Nc3 27. Qb2 Ne2+ 28. Kh1 Nxc1 29. Rxc1 Rca8 30. Kg1 Ra2 31. Qc3 Qf4 32. Qd2 Qf5 33. Ne5 Ra1 34. c4 dxc4 35. Nxc4 Qxb5 36. Nd6 Qd5 37. Nxb7 Qxb7 38. Rxa1 Rxa1+ 0-1

[Event "Rivera Hernandez Memorial-B"]
[Site "Rivera Huila"]
[Date "2023.07.23"]
[Round "7"]
[White "Rendon Martinez, Isabela"]
[Black "Puerta Rendon, Jacobo"]
[Result "1/2-1/2"]
[WhiteElo "1394"]
[BlackElo "1833"]
[PlyCount "53"]
[EventDate "2023.07.20"]
[EventType "swiss"]
[EventRounds "7"]
[EventCountry "COL"]
[SourceTitle "CBM 215 Extra"]
[Source "ChessBase"]
[SourceDate "2023.09.30"]
[SourceVersion "1"]
[SourceVersionDate "2023.09.30"]
[SourceQuality "1"]

1. d4 d5 2. Nf3 Nf6 3. e3 Bg4 4. Be2 e6 5. b3 Nbd7 6. Bb2 Ne4 7. Ne5 Bxe2 8. Qxe2 Bb4+ 9. c3 Bd6 10. Nxd7 Qxd7 11. 0-0 f5 12. f3 Nf6 13. Nd2 0-0 14. e4 e5 15. c4 dxc4 16. Qxc4+ Kh8 17. dxe5 Bxe5 18. Bxe5 Qxd2 19. Qxc7 fxe4 20. fxe4 Qe3+ 21. Kh1 Qxe4 22. Rf4 Qd5 23. Raf1 Rae8 24. Rf5 Qc6 25. Qa5 a6 26. Qd2 Qe4 27. Bc3 1/2-1/2

[Event "Rivera Hernandez Memorial-B"]
[Site "Rivera Huila"]
[Date "2023.07.21"]
[Round "3"]
[White "Melo Ramirez, Marlon Roman"]
[Black "Rendon Martinez, Isabela"]
[Result "1-0"]
[WhiteElo "1894"]
[BlackElo "1394"]
[PlyCount "33"]
[EventDate "2023.07.20"]
[EventType "swiss"]
[EventRounds "7"]
[EventCountry "COL"]
[SourceTitle "CBM 215 Extra"]
[Source "ChessBase"]
[SourceDate "2023.09.30"]
[SourceVersion "1"]
[SourceVersionDate "2023.09.30"]
[SourceQuality "1"]

1. e4 c5 2. Nc3 d6 3. f4 e6 4. Nf3 g6 5. Bc4 Bg7 6. 0-0 Ne7 7. d3 Nbc6 8. Qe1 a6 9. a3 b5 10. Bb3 Rb8 11. f5 0-0 12. Qh4 exf5 13. Bg5 Be6 14. Nd5 Rb7 15. Nf6+ Bxf6 16. Bxf6 h5 17. Qf4 1-0

[Event "Rivera Hernandez Memorial-B"]
[Site "Rivera Huila"]
[Date "2023.07.21"]
[Round "2"]
[White "Rendon Martinez, Isabela"]
[Black "Valencia Escobar, Dario"]
[Result "1/2-1/2"]
[WhiteElo "1394"]
[BlackElo "1845"]
[PlyCount "70"]
[EventDate "2023.07.20"]
[EventType "swiss"]
[EventRounds "7"]
[EventCountry "COL"]
[SourceTitle "CBM 215 Extra"]
[Source "ChessBase"]
[SourceDate "2023.09.30"]
[SourceVersion "1"]
[SourceVersionDate "2023.09.30"]
[SourceQuality "1"]

1. d4 d5 2. Nf3 Nf6 3. e3 c5 4. b3 e6 5. Bd3 Be7 6. Nbd2 b6 7. Bb2 Bb7 8. Ne5 Nbd7 9. f4 0-0 10. 0-0 Ne4 11. Bxe4 dxe4 12. Qg4 f5 13. Qe2 Nf6 14. Rfd1 Qe8 15. Ndc4 Nd5 16. a3 a5 17. Rac1 b5 18. Nd2 cxd4 19. Bxd4 Bxa3 20. Ra1 Bb4 21. c4 Nc3 22. Bxc3 Bxc3 23. Rac1 b4 24. c5 a4 25. bxa4 Rxa4 26. Ndc4 Bd5 27. Nd6 Qa8 28. Qb5 Ra5 29. Qd7 Rxc5 30. Qe7 Qd8 31. Nxf5 Qxe7 32. Nxe7+ Kh8 33. Nd7 Rc7 34. Nxf8 Rxe7 35. f5 Kg8 1/2-1/2

[Event "COL-ch U14 Girls"]
[Site "Cartagena"]
[Date "2023.04.15"]
[Round "5"]
[White "Cabrales Almanza, Isabela Jireth"]
[Black "Rendon Martinez, Isabela"]
[Result "1-0"]
[WhiteElo "1278"]
[BlackElo "1152"]
[PlyCount "51"]
[EventDate "2023.04.13"]
[EventType "swiss"]
[EventRounds "7"]
[EventCountry "COL"]
[SourceTitle "CBM 213 Extra"]
[Source "ChessBase"]
[SourceDate "2023.05.31"]
[SourceVersion "1"]
[SourceVersionDate "2023.05.31"]
[SourceQuality "1"]

1. e4 c5 2. Nf3 d6 3. Bb5+ Nd7 4. Bd3 Ngf6 5. c3 e6 6. Bc2 b5 7. d4 Qc7 8. Bf4 Bb7 9. Nbd2 Be7 10. 0-0 c4 11. a4 bxa4 12. Qe2 Ba6 13. Bxa4 Qb7 14. Bxd6 Bxd6 15. e5 Bxe5 16. Nxe5 0-0 17. Bc6 Qb6 18. Nxd7 Nxd7 19. Bxa8 Rxa8 20. Ne4 Bb7 21. f3 Bd5 22. Kh1 e5 23. Rad1 Rd8 24. Nc5 exd4 25. Nxd7 Rxd7 26. Qe8# 1-0

[Event "COL-ch U14 Girls"]
[Site "Cartagena"]
[Date "2023.04.15"]
[Round "4"]
[White "Rendon Martinez, Isabela"]
[Black "Altamar Gomez, Sara Sofia"]
[Result "1-0"]
[WhiteElo "1152"]
[BlackElo "1268"]
[PlyCount "61"]
[EventDate "2023.04.13"]
[EventType "swiss"]
[EventRounds "7"]
[EventCountry "COL"]
[SourceTitle "CBM 213 Extra"]
[Source "ChessBase"]
[SourceDate "2023.05.31"]
[SourceVersion "1"]
[SourceVersionDate "2023.05.31"]
[SourceQuality "1"]

1. d4 d5 2. Nf3 Nf6 3. e3 Bg4 4. Bd3 e6 5. Nbd2 Be7 6. 0-0 0-0 7. e4 dxe4 8. Nxe4 Nxe4 9. Bxe4 f5 10. Bxb7 Nd7 11. Bxa8 Qxa8 12. Re1 f4 13. Qd3 c5 14. Ne5 Nxe5 15. dxe5 f3 16. g3 Bh3 17. Be3 Qe8 18. Qc4 Qh5 19. Bxc5 Bxc5 20. Qxc5 Qf5 21. Rad1 h5 22. Rd4 g5 23. Qc4 h4 24. g4 Qf7 25. Red1 Rb8 26. Rd8+ Rxd8 27. Rxd8+ Kg7 28. Qa4 Kg6 29. Rd7 Qf8 30. Qe4+ Kh6 31. Rh7# 1-0

[Event "COL-ch (Women)"]
[Site "Boyaca"]
[Date "2022.08.21"]
[Round "9"]
[White "Rendon Martinez, Isabela"]
[Black "Martinez Salgado, Gabriela"]
[Result "1-0"]
[WhiteElo "1131"]
[BlackElo "1188"]
[PlyCount "99"]
[EventDate "2022.08.17"]
[EventType "swiss"]
[EventRounds "9"]
[EventCountry "COL"]
[SourceTitle "CBM 210 Extra"]
[Source "ChessBase"]
[SourceDate "2022.11.30"]
[SourceVersion "1"]
[SourceVersionDate "2022.11.30"]
[SourceQuality "1"]

1. e4 c5 2. Nf3 d6 3. d3 g6 4. g3 Nf6 5. Bg2 Nc6 6. 0-0 Bg7 7. Nbd2 0-0 8. Re1 Bd7 9. Nf1 Qb6 10. h3 Rac8 11. N1h2 Be6 12. g4 Rfd8 13. Rb1 Nd7 14. a3 Nde5 15. Be3 d5 16. Nxe5 Nxe5 17. f4 Nc6 18. e5 d4 19. Bd2 Bd5 20. Qe2 e6 21. Bxd5 Rxd5 22. Qe4 Qc7 23. h4 Rf8 24. Nf3 Rd7 25. Re2 Re7 26. Rh2 Bh8 27. h5 Qd7 28. hxg6 fxg6 29. Ng5 a6 30. Qh1 Rg7 31. Rf1 Qe7 32. Rf3 Nxe5 33. fxe5 Rxf3 34. Qxf3 Qc7 35. Rf2 Qe7 36. Ne4 Rf7 37. Nf6+ Bxf6 38. exf6 Qc7 39. g5 Qd7 40. Qf4 Rf8 41. Qe5 b6 42. Bf4 Rc8 43. Qd6 Qxd6 44. Bxd6 Kf7 45. Kg2 Rc6 46. Be7 e5 47. Kf3 Re6 48. Ke4 a5 49. Rh2 Kg8 50. Kd5 1-0